000 00259nam a22000857a 4500
008 160718b xxu||||| |||| 00| 0 eng d
100 _92988
_a Monsingh, R
245 _aKids's Recipe for Pizza, Paisa, Peace
260 _aChennai
_b Evangelical Literature Service
_c2004
999 _c2551
_d2551